书目信息 |
| 题名: |
全国一级注册建筑师执业资格考试辅导教材
|
|
| 作者: | 张季超 , 洪惠群 , 杨安 编 | |
| 分册: | 建筑设计 | |
| 出版信息: | 武汉 华中科技大学出版社 2008.01 |
|
| 页数: | 214页 | |
| 开本: | 26cm | |
| 丛书名: | ||
| 单 册: | ||
| 中图分类: | TU2 | |
| 科图分类: | ||
| 主题词: | 建筑设计--jian zhu she ji--建筑师--资格考试--自学参考资料 | |
| 电子资源: | ||
| ISBN: | 978-7-5609-3927-8 | |
| 000 | 01253nam0 2200301 450 | |
| 001 | 012008939972 | |
| 005 | 20091119094501.01 | |
| 010 | @a978-7-5609-3927-8@dCNY25.00 | |
| 100 | @a20080901d2008 em y0chiy0120 ea | |
| 101 | 0 | @achi |
| 102 | @aCN@b420000 | |
| 105 | @aa z 000yy | |
| 106 | @ar | |
| 200 | 1 | @a全国一级注册建筑师执业资格考试辅导教材@Aquan guo yi ji zhu ce jian zhu shi zhi ye zi ge kao shi fu dao jiao cai@i建筑设计@f张季超 ... [等] 编@Fzhang ji chao...[deng]bian |
| 205 | @a第2版 | |
| 210 | @a武汉@c华中科技大学出版社@d2008.01 | |
| 215 | @a214页@c图@d26cm | |
| 304 | @a题名页题: 张季超, 洪惠群, 杨安, 李国平编 | |
| 330 | @a本书内容丰富,概念清晰,叙述简明扼要,并紧扣新修订的“考试大纲”要求。内容包括:建筑设计基础理论、中外建筑历史文化知识等。 | |
| 512 | 1 | @a2008全国一级注册建筑师执业资格考试辅导教材建筑设计@A2008 quan guo yi ji zhu ce jian zhu shi zhi ye zi ge kao shi fu dao jiao cai jian zhu she ji |
| 517 | 1 | @a建筑设计@Ajian zhu she ji |
| 606 | 0 | @a建筑设计@Ajian zhu she ji@x建筑师@x资格考试@j自学参考资料 |
| 690 | @aTU2@v4 | |
| 701 | 0 | @a张季超@Azhang ji chao@4编 |
| 701 | 0 | @a洪惠群@Ahong hui qun@4编 |
| 701 | 0 | @a杨安@Ayang an@4编 |
| 801 | 0 | @aCN@bQSSK@c20091119 |
| 905 | @b734572-74@dTU2@eZ120=2@f3 | |
| 全国一级注册建筑师执业资格考试辅导教材.建筑设计/张季超 ... [等] 编.-第2版.-武汉:华中科技大学出版社,2008.01 |
| 214页:图;26cm |
| ISBN 978-7-5609-3927-8:CNY25.00 |
| 本书内容丰富,概念清晰,叙述简明扼要,并紧扣新修订的“考试大纲”要求。内容包括:建筑设计基础理论、中外建筑历史文化知识等。 |
| ● |
| 相关链接 |
|
|
|
正题名:全国一级注册建筑师执业资格考试辅导教材
索取号:TU2/Z120=2
 
预约/预借
| 序号 | 登录号 | 条形码 | 馆藏地/架位号 | 状态 | 备注 |
| 1 | 734572 | 207345728 | 建筑库101/101建筑库 31排2列3层/ [索取号:TU2/Z120=2] | 在馆 | |
| 2 | 734573 | 207345737 | 建筑与城市规划学院资料室/101建筑库 4排1列5层/ [索取号:TU2/Z120=2] | 在馆 | |
| 3 | 734574 | 207345746 | 建筑库101/101建筑库 31排2列3层/ [索取号:TU2/Z120=2] | 在馆 |